000 02084cam a22004694i 4500
003 PE-LiUPU
005 20250731184521.0
008 150617s r 000 0 d
035 _a(Sirsi) a18722
040 _aPE-LiUPU
_bspa
_cPE-LiUPU
_erda
049 _aPRUA
082 0 4 _a918.508
_bD419
_221
245 0 0 _aDepartamento de Madre de Dios /
_c[director, Pedro Felipe Cortázar].
264 1 _aLima :
_bIOPPE,
_c1986.
300 _a160 p., [8] de láms. :
_bil. (algunas col.), mapas, retrs. ;
_c21 cm.
336 _atext
_2rdacontent
337 _aunmediated
_2rdamedia
338 _avolume
_2rdacarrier
490 0 _aDocumental del Perú. Enciclopedia Nacional Básica ;
_v21
505 0 _aEl "rayo blanco" -- Rl itzmo de Fitzcarrald -- La caza y la pesca -- La floresta -- Rutas -- Ciudad de Puerto Maldonado -- Parque Nacional del Manu -- Excursiones -- Las tribus -- Los "ayahuasqueros" -- Platos típicos -- Pre-incas -- Los incas -- La colonia -- La república -- Los heroicos misioneros dominicos -- Investigación investigación: el Antisuyo mítico -- Problemática económica.
520 _aContiene datos generales del dep. de Madre de Dios, su geografía: itsmo de Fiscarrald, rutas, Ciudad de Puerto Maldonado, parque Nacional del Manú, Folklore: tribus, los Ayahuasqueros, platos típicos, historia, misiones dominicas, problemática económica.
526 _aP136
526 _aP135
526 _aP134
526 _aP133
526 _aP144
526 _aP143
526 _aP87
526 _aP35
526 _aP20
526 _aP14
526 _aP10
526 _aP06
651 1 8 _aMadre de Dios (Perú : Departamento)
_xDescripciones y viajes.
_95142
700 1 _aCortázar, Pedro Felipe,
_edirector.
740 _aDocumental del Perú : departamento de Madre de Dios.
910 _ajck
942 _2ddc
_cBK
949 _wDEWEY
_c1
_i27739
_lCCODEBUL1
_mBUL
_p00.00
_r0
_sY
_tBOOK
_u2015-04-22
_xEDUCACION
_zUNKNOWN
_0COMPRA
_o.STAFF. Colección General
999 _c18445
_d18445
980 _81
_gALBERTO SANCHEZ Responsable de Automatización